Quizzes
Events
Quiz Creation
Community
Videos
Private Events
Remove Ads
Sign In
Join for FREE
Feedback
Dark Mode
Quiz Categories
Sports
Geography
Music
Movies
Television
Just For Fun
Miscellaneous
History
Literature
Language
Science
Gaming
Entertainment
Religion
Holiday
For Kids
Quiz Lab
Recent
Popular Today
Quiz Kudos Today
Editor Picks
Curator Picks
Quizzes by...
Day
Popularity
Type
Ratings
Length
Year
Community
Subscriptions
Recent Discussions
Orange Saloon
Badges
Playlists
Quests
Create
Leaderboards
Showdown
Live 5
Trivia Bingo
Activity
Puzzle Library
Sporcle Events
Private Events
Virtual Trivia
Globe League
Become a Host
Pub Owners
SporcleCon
Opinionation
Our Games
Videos
Blog
Mobile Apps
Partnerships
Remove Ads and Go Orange
Feedback
Movies
Disney
Marvel Cinematic Universe
Movie Resume
Movie Titles
Oscar
Actor
Actress
Director
Pixar
Role
Movie Quotes
Movie Characters
Box Office
Nominee
Best Picture
Star Wars
James Bond
Horror Movies
Movies
Disney
Marvel Cinematic Universe
Movie Resume
Movie Titles
Oscar
Actor
Actress
Director
Pixar
Role
Movie Quotes
Movie Characters
Box Office
Nominee
Best Picture
Star Wars
James Bond
Horror Movies
Random Quiz
Search Sporcle
×
Quiz Lab
Quiz Lab
Movies
Victim
Type answers based on single images at one time
Type answers based on single images at one time
Slideshow
Best Score? Go Orange.
Horror Movie Victims Stats
Can you name some of the most famous horror movie victims from these pictures?
By
UwSERBIA
10m
65 Questions
83 Plays
83 Plays
83 Plays
Comments
Comments
Give Quiz Kudos
Give Quiz Kudos
-
- Ratings
hide this ad
Replay
Link that replays current quiz
Next Quiz
Link to next quiz in quiz playlist
You Got
0%
They Got
Avg Score
24%
Avg Friend Score
Upgrade to see
Score Distribution
Jump to the score distribution portion of the page
Score
0/65
Timer
10:00
0
Plays Today
% Correct
Glen Lantz
89%
Tina Gray
64.6%
Marion Crane
64.6%
Annie Brackett
54.9%
Crazy Ralph
54.9%
Randy Meeks
51.2%
Tatum Riley
48.8%
Olivia Castle
42.7%
Dick Hallorann
42.7%
Marge Thompson
40.2%
Taryn White
40.2%
Rod Lane
36.6%
Barbara 'Barb' Coard
32.9%
Nora Carpenter
32.9%
Mari Collingwood
31.7%
Franklin Hardesty
31.7%
Will Stanton
31.7%
Addison Corday
30.5%
Lynda Van der Klok
30.5%
Seth Baxter
30.5%
Barry Cox
29.3%
Greta Gibson
29.3%
Carlos Rodriguez
28%
Mark Wilson
28%
Julie McKenna
26.8%
Julius Gaw
26.8%
Curt Vaughan
24.4%
Helen Shivers
24.4%
Noah Clay
23.2%
Linda
22%
Kia Waterson
22%
Samuel Brett
22%
Annie Hayworth
20.7%
% Correct
Carly Numan
18.3%
Helen Cooper
18.3%
Ethel Hubbard
17.1%
Jennifer Jolie
17.1%
Elsa Shivers
17.1%
Eric
15.9%
Hallie McDaniel
15.9%
Sheila Kopecky
15.9%
Janessa Zachary
15.9%
Melissa Paur
15.9%
Jennifer 'Jen' Danzing
14.6%
Michael
13.4%
Kelly Lynch
13.4%
Bernadette 'Bernie' Walsh
13.4%
Miss Collins
12.2%
Debra Strode
11%
Mabel Osborne
9.8%
Jody Pearson
8.5%
Ethel Carter
8.5%
Dr. Matthew Logan
8.5%
Jim Halsey
8.5%
Rinaldo Pazzi
8.5%
Lynne Wood
8.5%
Father Robert Malon
7.3%
Yoko
7.3%
M. T. Garry
7.3%
Tiffany Madison
7.3%
Father Cooper (Buddy)
6.1%
Zoe Warner
6.1%
Dr. Robert Hoak
6.1%
Paul Kaufman
6.1%
Miss Richards
4.9%
Quiz Playlist
Details
Report
Send in Message
Add To Playlist
Slideshow:
Type answers based on single images at one time
Last Updated: Aug 26, 2018
Quiz Scoreboard
CHALLENGE
Sign Up to Join the Scoreboard
Show All
Scores
Hide
Comments
May contain spoilers
Recently Published
College Basketball Coaching Resumes
by pancakes188
Sports
9m
Billboard Blitz: Fleetwood Mac
by CooCooCachoo
Music
15s
Presidents Visiting Landmarks
by Hejman
History
7m
More to Explore
Quiz From the Vault
Featured Blog Post
Where Did the Easter Bunny Come From?
hide this ad
You Might Also Like...
Tags
horror
Victim
Today's Top Quizzes in Movies
Browse Movies
hide this ad
Today's Top Quizzes in Victim
Browse Victim
Top Contributed Quizzes in Movies
1
Pick 5 Posters: Directed by Spielberg
2
7-to-1: Pixar Characters
3
Pick 5 Posters: Lowest-Rated Spielberg
4
Sorting Actors
5
Pick 5 Posters: Directed by Scorsese
6
Sorting Actresses
7
Pick 5 Posters: Star & Director
8
Pick 5 Posters: Women Directed 2020s
9
12 Movies about Fictional 1960s Events
10
Multi-Oscar Nominations, One Movie, One Winner
Explore More
Trending Topics
Anime
Disney
Marvel
Crossword
NBA
Kpop
Harry Potter
Pokémon
The Office
Song
NFL
Puzzle
Soccer
Country
WWE
hide this ad
More By:
UwSERBIA
Quiz
Plays
Rating
Category
Featured
Created
Ultimate Horror Movie Quiz 1
10,153
2.43
Movies
Sep 12, 2017
Top 100 Horror Movie Franchises
3,182
4.38
Movies
Aug 30, 2017
100 Horror Movies by Picture 1
1,665
4.25
Movies
Aug 27, 2018
100 Horror Movie Taglines
997
4.80
Movies
Sep 6, 2017
Top 3 Horror Movies for Each Year (1967-2017)
954
4.89
Movies
Sep 15, 2017
Go to Creator's Profile
Score Distribution
Quiz Creator Spotlight
UwSERBIA
Follow
Send a Message
Quizzes Created
-
Created Quiz Play Count
-
More By This Creator
Popular Quizzes Today
1
Find the US States - No Outlines Minefield
2
Find the Countries of Europe - No Outlines Minefield
3
The Countries of the World
4
Find the US States
5
Risky Map Clicking: Biggest States A-Z
6
US States
7
Popular People in 1961
8
Movies - When Are They Set?
More Movies Quizzes
Hollywood Squares XI
Published
Trending Quizzes
Risky Map Clicking: Least Populous States A-Z
1-10 Letter G Words
1-10 Letter F Words
Risky Map Clicking: Next State Alphabetically
Risky Map Clicking: Biggest States A-Z
Recently Updated
Leaping Animals
pecheneg
Reality TV Shows (A-Z)
bhenderson79
Rickey Henderson's Hall of Fame Teammates
pecheneg
Champions League XIs: Arsenal
pecheneg
Quick Pick: Celebrities in WWE's Hall of Fame
aduchscher
A-Z Keypad Blitz II
pecheneg
Multiple Oscar Actors
pecheneg
Mystery Phrase Blitz: Oscar 'Best Actors'
pecheneg
F. Scott Fitzgerald Novels
LTH
Pick 3 Villains
ddd62291
Trending Topics
Anime
NBA
Crossword
Marvel
Harry Potter
Kpop
Disney
Puzzle
Country
Song
Pokémon
The Office
WWE
Soccer
NFL
Your Account Isn't Verified!
In order to create a playlist on Sporcle, you need to verify the email address you used during registration. Go to your
Sporcle Settings
to finish the process.
Report this User
Report this user for behavior that violates our
Community Guidelines
.
Details:
Send Report
Go to the Sporcle.com Mobile Site →
Comments